|
|
|
|
| LEADER |
01361nam a2200361Ia 4500 |
| 001 |
EBC348635 |
| 003 |
MiAaPQ |
| 005 |
20200520144314.0 |
| 006 |
m o d | |
| 007 |
cr cn||||||||| |
| 008 |
850411s2008 enk s 000 0 eng d |
| 020 |
|
|
|z 9781846637667
|
| 020 |
|
|
|a 9781846637674 (electronic bk.)
|
| 035 |
|
|
|a (MiAaPQ)EBC348635
|
| 035 |
|
|
|a (Au-PeEL)EBL348635
|
| 035 |
|
|
|a (CaPaEBR)ebr10229698
|
| 035 |
|
|
|a (CaONFJC)MIL138509
|
| 035 |
|
|
|a (OCoLC)243609265
|
| 040 |
|
|
|a MiAaPQ
|c MiAaPQ
|d MiAaPQ
|
| 050 |
|
4 |
|a HG1616.M3
|b I58 2008
|
| 245 |
0 |
4 |
|a The international journal of bank marketing.
|n Volume 26, Number 1,
|p The future of retail banking
|h [electronic resource] /
|c guest editor: Kent Eriksson.
|
| 246 |
3 |
0 |
|a Bank marketing
|
| 246 |
1 |
8 |
|a IJBM
|
| 260 |
|
|
|a Bradford, West Yorkshire, England :
|b Emerald Group Pub.,
|c 2008.
|
| 300 |
|
|
|a 72 p.
|
| 490 |
0 |
|
|a The international journal of bank marketing ;
|v v. 26, no. 1
|
| 533 |
|
|
|a Electronic reproduction. Ann Arbor, MI : ProQuest, 2015. Available via World Wide Web. Access may be limited to ProQuest affiliated libraries.
|
| 650 |
|
0 |
|a Banks and banking.
|
| 650 |
|
0 |
|a Bank marketing.
|
| 655 |
|
4 |
|a Electronic books.
|
| 700 |
1 |
|
|a Eriksson, Kent.
|
| 710 |
2 |
|
|a ProQuest (Firm)
|
| 856 |
4 |
0 |
|u https://ebookcentral.proquest.com/lib/matrademy/detail.action?docID=348635
|z Click to View
|